Duccio di Buoninsegna

Gardado en:
Detalles Bibliográficos
Autor Principal: Jannella, Cecilia (Author)
Formato: Libro
Idioma:Lingua castelá
Publicado: Florencia Scala-Riverside 1944
Series:Los grandes maestros del arte
Subjects:
Tags: Engadir etiqueta
Sen Etiquetas, Sexa o primeiro en etiquetar este rexistro!

MARC

LEADER 00000nam a2200000 a 4500
001 UCY5096
003 CL-VaPUC
008 950412e19440000IT |||||||||||||||||spa|d
082 0 4 |a 759.022  |b JAN  |2 21 
100 |a Jannella, Cecilia  |e author  |9 333722 
245 1 0 |a Duccio di Buoninsegna 
300 |a 80 p 
942 |c BK 
945 |d 19950412 00:00:00  |a oaravena 
260 |a Florencia  |b Scala-Riverside  |c 1944 
600 0 7 |a DUCCIO  |2 CL-VaPUC  |9 333707 
650 0 |a Pintura italiana  |9 265293 
583 |a last modification  |c 19950412 00:00:00  |k Rodrigo Vera 
490 0 |a Los grandes maestros del arte 
999 |c 232818  |d 232816 
952 |0 0  |1 0  |4 0  |6 759_022000000000000_JAN_1944  |7 0  |8 X  |9 237721  |a BIBHIS  |b BIBHIS  |d 2019-11-15  |i 3073009  |o 759.022 JAN 1944  |p 3073009  |r 2024-01-30  |w 2019-11-15  |y BK_X  |k HIS